000 02056cam a2200301 i 4500
003 SA-RiAUC
005 20250727054747.0
008 250725s2002 le g b 000 0 ara c
024 0 _a00000000741995
040 _aJO-AmJU
_bara
_cSA-RiAUC
_dAE-DuMBRL
_erda
082 0 4 _a002
_qSA-RiAUC
090 _a002
_bف ر ح
100 1 _aالفرحان، عبد الرحمن يوسف
_eمؤلف.
245 1 0 _aعشاق الكتب /
_cإعداد عبد الرحمن يوسف الفرحان.
250 _aالطبعة الأولى.
264 1 _aبيروت :
_bدار البشائر الإسلامية،
_c2002.
300 _a304 صفحة ؛
_c24 × 17 سم
336 _aنص
_btxt
_2rdacontent
_3كتاب
337 _aبدون وسيط
_bn
_2rdamedia
338 _aمجلد
_bnc
_2rdacarrier
500 _aورد على صفحة الغلاف : إن التشاغل بالدفاتر والمحا، برو الكتابة والدراسة، أصل التعبد والتز، هدوا الرئاسة والسياسة.
504 _aببليوجرافية : صفحة 273-303.
520 _aيتناول كتاب (عشاق الكتب) والذي قام بتأليفه عبد الرحمن يوسف الفرحان في حوالي (304) صفحة من القطع المتوسط موضوع (الكتب)، وفي هذا الكتاب ترى من أخبار العلماء والأمراء والأدباء والشعراء وعشقهم للكتاب وما بذلوه من النفيس والغالي من عمرهم ووقتهم وأسبابهم فيه، وما عانوه من المشاق والسفر لأجله، وعزلتهم وأنسهم بمجالسته ومنادمتهم له عوضا عن الأهل والزوجة والأولاد والأصحاب، وحزنهم وغمهم وموتهم بسببه، ومادة هذا الكتاب مستقاة من أقوالهم بعد التحرير والتقرير.
650 7 _aالكتب
_2aucsh
650 7 _aالكتب
_xتاريخ
_2aucsh
942 _2ddc
_cBOOK
_n0
949 _aSA-JeALM
_d250725
_umohamedma123
_n1
999 _c10314
_d10314